| 000 | 00902njm a22002657a 4500 | ||
|---|---|---|---|
| 005 | 2010092106016.0 | ||
| 007 | sd ammalaaahaa | ||
| 008 | 100913t xxu||||| |||| 00| 0 hin d | ||
| 028 |
_aS/MOAE-5011 _bOdeon |
||
| 035 | _aGR-03945 | ||
| 040 | _aSED/VEN | ||
| 100 | _919606 | ||
| 245 |
_a Bhaja Govindam and Vishnu Sahaaranamam Part 1 & 2 / _h[sound recording] : |
||
| 260 |
_aDum Dum, India _bOdeon _c1970 |
||
| 300 |
_a1 sound disc [Gramophone record] : _banalog, 33.1/3 rpm _c12 in. (LP) _fGramophone record |
||
| 500 | _aBrief record. | ||
| 500 | _aOdeon | ||
| 500 | _aBlack | ||
| 650 |
_xExcerpts _zIndia _919607 _vSanskrit basic devotional _aClassical music |
||
| 700 |
_920936 _aKavita Krishna Murthy |
||
| 700 |
_aLaxmi Kant Pyarelal _921008 |
||
| 700 |
_aAnand Bakshi _921022 |
||
| 942 |
_2ddc _cGR |
||
| 999 |
_c47366 _d47366 |
||